000 01126cad a22001935a 4500
001 L153025
008 110524s2011 xxk f 000 0 eng d
035 _a(Sirsi) u153025
041 0 _aeng
110 2 _aUnited Kingdom
_bDepartment for Environment Food and Rural Affairs
245 0 0 _aFlood and coastal resilience partnership funding
_ban introductory guide
_h[electronic resource]
260 _aLondon
_bDEFRA
_c2011
520 _aDetails of new funding system for flood and coastal erosion defence projects across England. New system provides money based on the benefits each project delivers to homes, businesses, agricultural land and infrastructure. Payment rates from government will be highest in areas most at risk from flooding and in the most deprived parts of the country.
590 _aKA NTK
651 4 _aEngland and Wales
_y1543-
690 _aENVIRONMENTAL AND LAND CONSULTANCY-WATER RESOURCE MANAGEMENT-FLOODING
856 4 0 _uhttps://archive.defra.gov.uk/environment/flooding/funding/documents/flood-coastal-resilience-intro-guide.pdf
_zView the item free of charge at archive.defra.gov.uk
942 _n0
999 _c112336
_d112336